Support for the work of a speech therapist using artificial intelligence methods

Na minha lista:
Detalhes bibliográficos
Autor principal: Hradský, Pavol (Author)
Outros Autores: Benešová, Vanda (Thesis advisor)
Formato: Manuscrito Livro
Idioma:eslovaco
inglês
Publicado em: 2025
Assuntos:
Acesso em linha:http://is.stuba.sk/zp/portal_zp.pl?podrobnosti=183589
Tags: Adicionar Tag
Sem tags, seja o primeiro a adicionar uma tag!

MARC

LEADER 00000ntm a22000003a 4500
001 stuzp105820
003 SK-STU
005 20250607211725.0
007 ta
008 150427s2015----xo-----f-mn---000-0-slo-d
040 |a STU  |b slo 
041 0 |a eng 
100 1 |a Hradský, Pavol  |u 070400  |4 aut  |U FIIT Fakulta informatiky a informačných technológií  |T FIIT Ústav počítačového inžinierstva a aplikovanej informatiky  |X 110799  |U I400  |Y 672  |7 110799 
242 0 1 |a Podpora práce logopéda s využitím metód umelej inteligencie  |y slo 
245 1 0 |a Support for the work of a speech therapist using artificial intelligence methods 
260 |c 2025 
650 4 |a Stuttering  |2 eng 
650 4 |a Deep neural network  |2 eng 
650 4 |a Speech processing  |2 eng 
650 4 |a Spracovanie reči  |2 slo 
650 4 |a Zajakavosť  |2 slo 
650 4 |a Hlboká neurónová sieť  |2 slo 
700 1 |a Benešová, Vanda  |u 070400  |k Z1  |4 ths  |U FIIT Fakulta informatiky a informačných technológií  |T FIIT Ústav počítačového inžinierstva a aplikovanej informatiky  |X 63121  |U I400  |Y 672  |7 63121 
856 4 |u http://is.stuba.sk/zp/portal_zp.pl?podrobnosti=183589